Movies Quiz

Random Movies or Actor Quiz

Matt Damon Movies by Image Quiz Stats

 Plays Quiz Updated Jul 30, 2018

Challenge
Share
Tweet
Score 0/20 Timer 06:00
0 Plays Today
Hint Answer % Correct
Saving Private Ryan
93.1%
Good Will Hunting
92%
The Bourne Identity
90.8%
Interstellar
67.5%
Invictus
66.6%
The Departed
60.2%
Ocean's Eleven
59.5%
The Talented Mr. Ripley
52.9%
The Monuments Men
48.2%
The Martian
47%
Hint Answer % Correct
Elysium
46.4%
True Grit
44.4%
Rounders
43.6%
The Informant
36.9%
Dogma
36.2%
We Bought a Zoo
35.4%
Stuck on You
27.4%
The Legend of Bagger Vance
20.4%
Contagion
14.6%
The Rainmaker
12.3%

You're not logged in!

Compare scores with friends on all Sporcle quizzes.
Join for Free
OR
Log In

You Might Also Like...

Show Comments

Extras

Top Quizzes Today


Score Distribution

Your Account Isn't Verified!

In order to create a playlist on Sporcle, you need to verify the email address you used during registration. Go to your Sporcle Settings to finish the process.

Report this User

Report this user for behavior that violates our Community Guidelines.

Details: